Central Library OPAC University of Rajshahi

The complete Plain words / (Record no. 43265)

MARC details
000 -LEADER
fixed length control field 00836nam a2200253 a 4500
001 - CONTROL NUMBER
control field 43265
003 - CONTROL NUMBER IDENTIFIER
rucl marc code BD-RjUL
005 - DATE AND TIME OF LATEST TRANSACTION
control field 20211209053655.0
008 - FIXED-LENGTH DATA ELEMENTS--GENERAL INFORMATION
fixed length control field 160620s1954 enk 001 0 eng
020 ## - INTERNATIONAL STANDARD BOOK NUMBER
Terms of availability : $ 8
035 ## - SYSTEM CONTROL NUMBER
System control number (BD-RjUL)43383
040 ## - CATALOGING SOURCE
Transcribing agency IaU
Modifying agency IaU
-- CStclUL
-- BD-RjUL
Original cataloging agency BD-RjUL
Language of cataloging eng
041 ## - LANGUAGE CODE
Language code of text/sound track or separate title eng
082 ## - DEWEY DECIMAL CLASSIFICATION NUMBER
Classification number 428
Edition number 23
Author mark and year GOC 1954
100 1# - MAIN ENTRY--PERSONAL NAME
Personal name Gowers, Ernest,
Dates associated with a name 1880-1966.
9 (RLIN) 132898
245 14 - TITLE STATEMENT
Title The complete Plain words /
Statement of responsibility, etc. By Sir Ernest Gowers.
250 ## - EDITION STATEMENT
Edition statement 2nd edition
260 ## - PUBLICATION, DISTRIBUTION, ETC. (IMPRINT)
Place of publication, distribution, etc. London :
Name of publisher, distributor, etc. H.M. Stationery Off. ,
Date of publication, distribution, etc. 1954.
300 ## - PHYSICAL DESCRIPTION
Pagination iii, 209 p. ;
Size 22 cm.
500 ## - GENERAL NOTE
General note "A reconstruction of ... [the author's] two previous books, Plain words and ABC of plain words"--Pref.
General note Includes index.
650 #0 - SUBJECT ADDED ENTRY--TOPICAL TERM
Topical term or geographic name as entry element English language
Form subdivision --Study and teaching
9 (RLIN) 132901
Source of heading or term --Foreign Speaker
942 ## - ADDED ENTRY ELEMENTS (KOHA)
Source of classification or shelving scheme Dewey Decimal Classification
Koha item type Books
Holdings
Lost status Source of classification or shelving scheme Damaged status Not for loan Collection code Permanent Location Current Location Shelving location Date acquired Source of acquisition Cost, normal purchase price Total Checkouts Full call number Date last seen Copy number Koha item type
  Dewey Decimal Classification     Non-fiction Central Library, University of Rajshahi Central Library, University of Rajshahi   07/06/1955 Allib Bookn Corp. 13.00   428 GOC 1954 20/06/2016 C-2 Books
  Dewey Decimal Classification     Non-fiction Central Library, University of Rajshahi Central Library, University of Rajshahi   03/05/1965 Zeetlinger 8.00   428 GOC 1954 20/06/2016 C-3 Books
  Dewey Decimal Classification     Non-fiction Central Library, University of Rajshahi Central Library, University of Rajshahi   03/05/1965 Zeetlinger 8.00   428 GOC 1954 20/06/2016 C-4 Books
  Dewey Decimal Classification     Non-fiction Central Library, University of Rajshahi Central Library, University of Rajshahi   03/05/1965 Zeetlinger 8.00   428 GOC 1954 29/08/2016 C-5 Books